Actors who worked with Phil Lord/Christopher Miller - Statistics

General Stats
  • This quiz has been taken 47 times
  • The average score is 13 of 46
Answer Stats
Filme Answer % Correct
The Lego Movie Chris Pratt
95%
21 Jump Street, 22 Jump Street, The Lego Movie Jonah Hill
95%
21 Jump Street, 22 Jump Street, The Lego Movie Channing Tatum
90%
The Lego Movie Elizabeth Banks
76%
The Lego Movie Will Ferrell
76%
The Lego Movie Will Arnett
62%
The Lego Movie Charlie Day
57%
The Lego Movie Morgan Freeman
57%
Cloudy with a Chance of Meatballs Bill Hader
48%
21 Jump Street, 22 Jump Street Ice Cube
48%
The Lego Movie Liam Neeson
43%
The Lego Movie Alison Brie
38%
Cloudy with a Chance of Meatballs Anna Faris
33%
Cloudy with a Chance of Meatballs James Caan
33%
21 Jump Street Brie Larson
29%
21 Jump Street Dakota Johnson
29%
21 Jump Street, The Lego Movie Dave Franco
29%
21 Jump Street, The Lego Movie Jake Johnson
29%
Cloudy with a Chance of Meatballs Neil Patrick Harris
29%
21 Jump Street Rob Riggle
29%
Cloudy with a Chance of Meatballs Andy Samberg
24%
The Lego Movie Billy Dee Williams
24%
Cloudy with a Chance of Meatballs Bruce Campbell
24%
21 Jump Street, 22 Jump Street, The Lego Movie Nick Offerman
24%
The Lego Movie Will Forte
24%
The Lego Movie Cobie Smulders
19%
21 Jump Street Johnny Deppp
19%
The Lego Movie Shaquille O'Neal
19%
22 Jump Street Wyatt Russell
19%
The Lego Movie Anthony Daniels
14%
21 Jump Street Ellie Kemper
14%
22 Jump Street Jillian Bell
14%
The Lego Movie Keegan-Michael key
10%
The Lego Movie Keith Ferguson
10%
22 Jump Street Amber Stevens West
5%
Cloudy with a Chance of Meatballs Ariel Winter
5%
21 Jump Street Chris Parnell
5%
21 Jump Street, 22 Jump Street Dax Flame
5%
21 Jump Street DeRay Davis
5%
22 Jump Street Diplo
5%
21 Jump Street Johnny Simmons
5%
22 Jump Street Keith Lucas
5%
22 Jump Street Kenneth Lucas
5%
22 Jump Street Peter Stormare
5%
Cloudy with a Chance of Meatballs Neil Flynn
0%
21 Jump Street Peter DeLuise
0%
No matching quizzes found
Score Distribution
Percent of People with Each Score
Percentile by Number Answered
Your Score History
You have not taken this quiz